Industrial economics issues and perspectives
Gespeichert in:
| 1. Verfasser: | |
|---|---|
| Weitere Verfasser: | |
| Format: | Buch |
| Sprache: | Englisch |
| Veröffentlicht: |
New York
Palgrave Macmillan
1994
|
| Ausgabe: | 2nd ed. |
| Schlagworte: | |
| Tags: |
Keine Tags, Fügen Sie das erste Tag hinzu!
|
MARC
| LEADER | 00000nam$a2200000$$$4500 | ||
|---|---|---|---|
| 001 | 0077998 | ||
| 005 | 20221205071705.8 | ||
| 020 | |a 978-0-333-61493-8 | ||
| 041 | 0 | |a eng | |
| 044 | |a US | ||
| 245 | 1 | 0 | |a Industrial economics |b issues and perspectives |c Paul R. Ferguson and Glenys J. Ferguson |
| 250 | |a 2nd ed. | ||
| 264 | 1 | |a New York |b Palgrave Macmillan |c 1994 | |
| 300 | |a 309 s. | ||
| 610 | 2 | 0 | |a priemysel |
| 610 | 2 | 0 | |a teórie ekonomické |
| 610 | 2 | 0 | |a neoklasicizmus |
| 610 | 2 | 0 | |a analýzy |
| 610 | 2 | 0 | |a paradigma |
| 610 | 2 | 0 | |a firmy |
| 610 | 2 | 0 | |a podnik |
| 610 | 2 | 0 | |a inovácia |
| 610 | 2 | 0 | |a reklama |
| 610 | 2 | 0 | |a privatizácia |
| 610 | 2 | 0 | |a industrializácia |
| 610 | 2 | 0 | |a monopoly |
| 100 | 1 | |a Ferguson, Paul R. | |
| 700 | 1 | |a Ferguson, Glenys J. | |